Nocco smaker - Statistics

General Stats
  • This quiz has been taken 36 times
    34 since last reset
  • The average score is 19 of 42
Answer Stats
Answer % Correct
Ramonade
94%
Grand Sour
89%
Päron
83%
Cola
78%
Berruba
72%
Caribbean
72%
Juicy Melba
72%
San Citro
72%
Skumnisse
67%
Skumtomte
67%
Blood Orange
61%
Juicy Ruby
61%
Carnival
56%
Mango
56%
Melon Crush
56%
Miami
56%
Pearade
56%
Stellar blend
56%
Blueberry
50%
Juicy Breeze
50%
Limon Del Sol
50%
Persika
50%
Raspberry Blast
50%
Sunny Soda
50%
Ice Soda
44%
Black Orange
39%
Golden Era
39%
Julmust
39%
Passion
39%
Tropical
39%
Blue Raspberry
33%
Cassis Summer
28%
Juläpple
28%
Legend Soda
22%
Skumhare
22%
Hallon
17%
Apelsin
11%
Röda Bär
11%
Citron/Lime
6%
Citrus fläder
6%
Hallon Citron
0%
Jordgubb rabarber
0%
No matching quizzes found
Score Distribution
Percent of People with Each Score
Percentile by Number Answered
Your Score History
You have not taken this quiz since the last reset